Bài giảng khuyến nông

Bài giảng giới thiệu về khuyến nông, các phương pháp khuyến nông,... và tiến trình chấp nhận kỹ thuật mới của nông dân.

Bewaard in:
Bibliografische gegevens
Hoofdauteur: Nguyễn, Thị Kim Nguyệt
Formaat: Boek
Taal:Undetermined
Gepubliceerd in: Cần Thơ Trường Đại học Cần Thơ 2000
Onderwerpen:
Tags: Voeg label toe
Geen labels, Wees de eerste die dit record labelt!
Thư viện lưu trữ: Trung tâm Học liệu Trường Đại học Cần Thơ
LEADER 00829nam a2200229Ia 4500
001 CTU_43822
008 210402s9999 xx 000 0 und d
082 |a 630.7 
082 |b Ng528 
100 |a Nguyễn, Thị Kim Nguyệt 
245 0 |a Bài giảng khuyến nông 
245 0 |c Nguyễn Thị Kim Nguyệt 
260 |a Cần Thơ 
260 |b Trường Đại học Cần Thơ 
260 |c 2000 
520 |a Bài giảng giới thiệu về khuyến nông, các phương pháp khuyến nông,... và tiến trình chấp nhận kỹ thuật mới của nông dân. 
526 |a Khuyến nông 
526 |b NN326 
650 |a Agriculture 
650 |x Extension work 
904 |i Trọng Hải 
980 |a Trung tâm Học liệu Trường Đại học Cần Thơ